| 000 | 00362nam a2200145Ia 4500 | ||
|---|---|---|---|
| 008 | 150201s2009 xx 000 0 und d | ||
| 082 |
_a617.525 _bC2009K |
||
| 100 | _aL.B.KABAN | ||
| 245 | _aCOMPLICATIONS IN ORAL & MAXILLOFACIAL SURGERY | ||
| 250 | _a1ST | ||
| 260 |
_bELSEVIER _aDELHI _c2009 |
||
| 300 | _a1-386 | ||
| 650 | _aORAL SURGERY | ||
| 942 |
_2ddc _cBK _01 |
||
| 999 |
_c4785 _d4785 |
||